| 000 | 01043cam a22001934a 4500 | ||
|---|---|---|---|
| 005 | 20250605164217.0 | ||
| 008 | 250528s ||||||||||||||||||||||||d | ||
| 035 | _a20505 | ||
| 020 | _a87474413 | ||
| 040 |
_aGR-AtMCL _bgre _dGR-AtMCL _eAACR2 |
||
| 245 | 1 | _aHistorical Archaeology in Global Perspective | |
| 260 |
_bSmithsonian Institution Press, _c1991 |
||
| 300 | _a122 | ||
| 520 | _aThe role of historical archaeology in deepening our knowledge of the contact era and of the various populations touched in the meeting of worlds. Preface, Acknowledgements, Contributors, Archaeological Evidence of Sixteenth and Seventeenth Century Encounters, Dutch-Indigenous Relations in New Netherland and the Cape in the Seventeenth Century, The Dutch at Fort Orange, The Historical Archaeology of the Impact of Colonialism in Seventeenth Century South Africa, Historical Archaeology's Contributions to our Understanding of Early America, Selected Bibliography. | ||
| 700 | 1 |
_aFalk Lisa _96496 |
|
| 942 | _cBK | ||
| 999 |
_c5607 _d5607 |
||